00969nam a22002537a 45000010005000000030006000050050017000110080041000280200018000690400025000870500017001120820010001291000020001392450054001592500041002132600031002543000046002855050007003315200290003385210018006285210018006466500023006646500028006876507FISKH20250507112507.0250507b cb ||||| |||| 00| 0 eng d a9780061927324 aDLCcDLCbengdFISKH aPZ7.K12774 P a813.61 aKann, Victoria.10aPinkalicious and the pink drink /cVictoria Kann. aThis edition first published in 2010 aNew York :bHarper,c2010. a22 pages :bcolor illustrations ;c21 cm. aG  aOne hot summer day, Pinkalicious gets an idea that is simply pinkerrific-a pink lemonade stand! But before Pinkalicious can start selling her lemonade, she has to figure out how to make it. Pink grapefruit, pink watermelon, and pink frosting-if it's pink, it's the perfect ingredient. 8 a380 bLexile 8 aG bRaz-Plus  2lemonadeaEasy Kan 2Bellas roomaInterstate